Statistics for 1970 year quiz

Click here to take the quiz!

General Stats

  • This quiz has been taken 56 times
  • The average score is 6 of 10

Answer Stats

HintAnswer% Correct
In Britain, this foursome breaks upThe Beatles
100%
This moon mission goes wrong - but all the astronauts surviveApollo 13
81%
An international treaty is agreed to stop more countries getting thisThe nuclear bomb
79%
The US formally expands its military operations from Vietnam to this countryCambodia
77%
Antiwar protesters are shot at this US universityKent State
56%
This country drives out the PLO after 'Black September' fightingJordan
52%
This Egyptian revolutionary dies, with Anwar Sadat taking overGamal Abdel Nasser
40%
Willy Brandt goes to this country, starting his 'ostpolitik'East Germany
38%
This model of plane takes its first flightBoeing 747
35%
Andreas Baader and Ulrike Meinhof create this militant groupRed Army Faction
10%

Score Distribution

Percentile by Number Answered

Percent of People with Each Score

Your Score History

You have not taken this quiz